000 00812nam a22002057a 4500
005 20150512042740.0
008 111209r20122011ii ac b 001 0 eng
020 _a9780071786102
080 _a617
245 0 0 _aSurgical oncology :
_ceditors, David L. Bartlett, Pragatheeshwar Thirunavukarasu, Matthew D. Neal ; special contributing editor, Phil Bao, Kothai Divya Pragatheeshwar.
260 _aNew Delhi, India :
_bJaypee Brothers Medical Publishers ;
_aNew York :
_bMcGraw-Hill Medical,
_c2012.
300 _a616 f. :
_bme il.;
_c28 cm.
505 0 _aIndex: f. 616
650 0 _aKirurgjia
650 1 2 _aKanceri
700 1 _aBartlett, David L.,
_cMD.
700 1 _aThirunavukarasu, Pragatheeshwar.
700 1 _aNeal, Matthew D.
942 _2udc
_cBK
999 _c737
_d737